00607nam a2200205Ia 4500003000900000008004100009020001800050040001600068080001600084100002400100245003300124260003400157300001000191650002200201650001600223650001700239942000700256999001700263952012100280IN-BaIIA211028s9999 xx 000 0 eng d a0-7522-2331-3 cIIA Library a523.31bCHA aChalloner, J925944 0aEquinox spacecJ. Challoner  aLondonbChannel 4 booksc2000 a240p. aBlack holes97728 aSpace93725 aStrom925945 cBK c14583d14583 00104070aBANbBANcGENd2002-04-16g250.00l0o523.31/ CHAp15505r2021-11-05v250.00w2002-04-16yBKGRs. 250.00